Statistics for Geographical Bands

Click here to take the quiz!

General Stats

  • This quiz has been taken 704 times
  • The average score is 8 of 22

Answer Stats

SongNamed afterBand% Correct
The Final CountdownContinentEurope
93%
Heat Of The MomentContinentAsia
82%
More Than A FeelingMajor US cityBoston
75%
Take My Breath AwayEuropean capital cityBerlin
69%
Sister Golden HairDouble continentAmerica
66%
Dust In The WindUS stateKansas
66%
Life in TokyoCountryJapan
62%
Hard To Say I'm SorryMajor US cityChicago
36%
Use SomebodyCity in Spain or MexicoKings of Leon
32%
Feel It StillEuropean country + British islandPortugal The Man
23%
GoldDistrict of above citySpandau Ballet
23%
For What It's WorthTwo US citiesBuffalo Springfield
21%
Love HurtsMiddle Eastern cityNazareth
21%
Conga!Major US cityMiami Sound Machine
20%
The Power Of LovePlace in CaliforniaFrankie Goes To Hollywood
18%
Say What You WantUS stateTexas
12%
D.I.S.C.O.North American capitalOttawan
9%
Meet Me On The CornerEnglish holy islandLindisfarne
8%
Give A Little LoveCity in MichiganBay City Rollers
6%
Yummy Yummy YummyUS stateOhio Express
5%
All Eyes On YouCaribbean countrySt. Lucia
5%
Always AlrightSouthern US stateAlabama Shakes
3%

Score Distribution

Percentile by Number Answered

Percent of People with Each Score

Your Score History

You have not taken this quiz